[Event "European Senior Team Championship 2014"]
[Site "Sibenik"]
[Date "2014.04.01"]
[Round "1.1"]
[White "Baumbach, Friedrich"]
[Black "Dvoirys, Semen I"]
[Result "0-1"]
[WhiteElo "2231"]
[BlackElo "2560"]
[PlyCount "70"]
[EventDate "2014.04.01"]

1. d4 Nf6 2. c4 g6 3. Nc3 d5 4. g3 dxc4 5. Nf3 Bg7 6. Qa4+ Nfd7 7. Qxc4 Nb6 8.
Qd3 O-O 9. Bg2 Nc6 10. Be3 Bf5 11. Qd1 Qd7 12. O-O Bh3 13. Qb3 Bxg2 14. Kxg2
Rad8 15. Rfd1 Na5 16. Qb4 Nac4 17. Bg5 f6 18. Bf4 g5 19. b3 Nb2 20. Rd2 gxf4
21. Rxb2 Kh8 22. Rd1 c6 23. Rbd2 Bh6 24. Rd3 Qe6 25. d5 Nxd5 26. Nxd5 cxd5 27.
Qxb7 Qxe2 28. R3d2 Qe4 29. Rd4 Qc2 30. R4d2 Qc8 31. Qxc8 Rxc8 32. Rxd5 fxg3 33.
hxg3 Rc2 34. Nd4 Rxa2 35. Nf5 e6 0-1

[Event "European Senior Team Championship 2014"]
[Site "Sibenik"]
[Date "2014.04.01"]
[Round "1.1"]
[White "Gleizerov, Evgeny"]
[Black "Siegmund, Rainer"]
[Result "1-0"]
[WhiteElo "2531"]
[BlackElo "2148"]
[PlyCount "55"]
[EventDate "2014.04.01"]

1. d4 Nf6 2. c4 e6 3. g3 d5 4. Nf3 Be7 5. Bg2 O-O 6. O-O dxc4 7. Nc3 Nbd7 8. e4
Nb6 9. a4 a5 10. Qe2 h6 11. Rd1 Bb4 12. Ne5 Qe7 13. Nxc4 Nxc4 14. Qxc4 c6 15.
Na2 Rd8 16. Nxb4 Qxb4 17. Qxb4 axb4 18. Bf4 Ne8 19. a5 g5 20. Be3 Nd6 21. Rdc1
f5 22. d5 Nxe4 23. dxc6 bxc6 24. Rxc6 Ra6 25. Rc4 Rad6 26. h3 b3 27. Rb4 Nd2
28. Bb6 1-0

[Event "European Senior Team Championship 2014"]
[Site "Sibenik"]
[Date "2014.04.01"]
[Round "1.1"]
[White "Fleuch, Hans-Juergen"]
[Black "Gavrilov, Alexei"]
[Result "0-1"]
[WhiteElo "2064"]
[BlackElo "2466"]
[PlyCount "50"]
[EventDate "2014.04.01"]

1. e4 c6 2. d4 d5 3. Nc3 dxe4 4. Nxe4 Bf5 5. Ng3 Bg6 6. h4 h6 7. Nf3 Nd7 8. Bd3
Bxd3 9. Qxd3 e6 10. Bd2 Ngf6 11. O-O-O Be7 12. Kb1 Qb6 13. c4 Rd8 14. Qe2 O-O
15. Bc3 Bb4 16. Rc1 Bxc3 17. Rxc3 c5 18. Rb3 Qc7 19. Rd1 cxd4 20. Nxd4 Qf4 21.
Rxb7 Nc5 22. Rb5 Rxd4 23. Rxc5 Rxd1+ 24. Qxd1 Qxf2 25. Qd6 e5 0-1

[Event "European Senior Team Championship 2014"]
[Site "Sibenik"]
[Date "2014.04.01"]
[Round "1.1"]
[White "Balashov, Yuri S"]
[Black "Hollstein, Joachim"]
[Result "1-0"]
[WhiteElo "2446"]
[BlackElo "2087"]
[PlyCount "51"]
[EventDate "2014.04.01"]

1. e4 c6 2. Nc3 d5 3. Nf3 dxe4 4. Nxe4 Nf6 5. Ng3 h5 6. h3 e6 7. d4 Qb6 8. Bd3
Nbd7 9. O-O c5 10. c3 Bd6 11. Qe2 Bxg3 12. fxg3 cxd4 13. Nxd4 Nc5 14. Bc2 Bd7
15. a4 O-O-O 16. b4 Na6 17. a5 Qd6 18. Bf4 Qd5 19. Rae1 Nxb4 20. Bb3 Qc5 21.
cxb4 Qxd4+ 22. Kh1 Bc6 23. b5 Bd5 24. Rc1+ Kd7 25. Bxd5 Nxd5 26. Rfd1 1-0

[Event "European Senior Team Championship 2014"]
[Site "Sibenik"]
[Date "2014.04.01"]
[Round "1.2"]
[White "Ftacnik, Lubomir"]
[Black "Huelsmann, Josef"]
[Result "1-0"]
[WhiteElo "2563"]
[BlackElo "2168"]
[PlyCount "69"]
[EventDate "2014.04.01"]

1. d4 d5 2. c4 e6 3. Nf3 c6 4. Qc2 f5 5. Bf4 Nf6 6. e3 Bd6 7. Nc3 O-O 8. Bd3
Ne4 9. O-O Qe7 10. Bxd6 Qxd6 11. Ne5 Nd7 12. f4 Ndf6 13. c5 Qc7 14. b4 Bd7 15.
a4 a6 16. Rab1 Nxc3 17. Qxc3 Ra7 18. Rb3 Rfa8 19. h3 Be8 20. g4 g6 21. Kh2 fxg4
22. hxg4 g5 23. Qe1 Qg7 24. Qg3 Nd7 25. Rb2 Nf8 26. Rbf2 Qh6+ 27. Kg1 gxf4 28.
exf4 Ng6 29. Rh2 Qg7 30. g5 Nf8 31. Qe3 Bf7 32. Kf2 Re8 33. Rfh1 Bg6 34. Bxg6
hxg6 35. Rh6 1-0

[Event "European Senior Team Championship 2014"]
[Site "Sibenik"]
[Date "2014.04.01"]
[Round "1.2"]
[White "Haselhorst, Helmut"]
[Black "Stohl, Igor"]
[Result "1/2-1/2"]
[WhiteElo "2079"]
[BlackElo "2516"]
[PlyCount "54"]
[EventDate "2014.04.01"]

1. d4 Nf6 2. Nf3 e6 3. g3 d5 4. Bg2 b5 5. O-O Nbd7 6. Nbd2 Bb7 7. e4 Nxe4 8.
Nxe4 dxe4 9. Ng5 Nf6 10. Re1 c5 11. Nxe4 Nxe4 12. Bxe4 Bxe4 13. Rxe4 cxd4 14.
Rxd4 Qb6 15. Be3 Bc5 16. Rd3 Bxe3 17. Rxe3 O-O 18. Qe2 Rfd8 19. Rd1 Rxd1+ 20.
Qxd1 Rd8 21. Rd3 Rxd3 22. Qxd3 g6 23. b4 Qa6 24. a3 Kf8 25. Qd8+ Kg7 26. Qd4+
Kg8 27. Qd8+ Kg7 1/2-1/2

[Event "European Senior Team Championship 2014"]
[Site "Sibenik"]
[Date "2014.04.01"]
[Round "1.2"]
[White "Plachetka, Jan"]
[Black "Weisshaupt, Rainer"]
[Result "1/2-1/2"]
[WhiteElo "2360"]
[BlackElo "2154"]
[PlyCount "107"]
[EventDate "2014.04.01"]

1. e4 e5 2. Nf3 Nc6 3. Bb5 Bc5 4. O-O Nf6 5. Nxe5 Nxe4 6. Qe2 Nxe5 7. Qxe4 Qe7
8. d4 Ng6 9. Bxd7+ Bxd7 10. Qxb7 O-O 11. dxc5 Qxc5 12. Nc3 Bf5 13. Be3 Qe5 14.
Qd5 Qxd5 15. Nxd5 c6 16. Nb4 Rfc8 17. b3 a5 18. Nd3 a4 19. Nc5 Bxc2 20. Nxa4
Ra6 21. Rfc1 Bf5 22. Rc5 Be6 23. Rc3 Ne7 24. Nc5 Raa8 25. Nxe6 fxe6 26. a4 Nd5
27. Rd3 c5 28. Rc1 c4 29. bxc4 Nxe3 30. Rxe3 Rxa4 31. Re4 Rc5 32. g3 Kf7 33.
Kg2 e5 34. h4 Kf6 35. g4 h6 36. Rc3 g6 37. Kg3 Rb4 38. f4 exf4+ 39. Rxf4+ Kg7
40. Kf3 Rb1 41. Rd4 Rf1+ 42. Ke4 g5 43. Rd7+ Kf6 44. Kd4 Ra5 45. Rd6+ Ke7 46.
Rxh6 Rf4+ 47. Kd3 gxh4 48. Rxh4 Rg5 49. Rh7+ Kd6 50. c5+ Kc6 51. Rh6+ Kc7 52.
Rc4 Rgxg4 53. Rxf4 Rxf4 54. Kc3 1/2-1/2

[Event "European Senior Team Championship 2014"]
[Site "Sibenik"]
[Date "2014.04.01"]
[Round "1.2"]
[White "Kurka, Dieter"]
[Black "Petran, Peter"]
[Result "0-1"]
[WhiteElo "2028"]
[BlackElo "2316"]
[PlyCount "86"]
[EventDate "2014.04.01"]

1. d4 g6 2. c4 Bg7 3. Nf3 d6 4. Nc3 Bg4 5. e3 Nf6 6. Be2 O-O 7. O-O Nc6 8. Nd2
Bxe2 9. Qxe2 e5 10. d5 Ne7 11. Rb1 a5 12. a3 a4 13. f4 exf4 14. Rxf4 Nd7 15.
Nde4 h6 16. Bd2 f5 17. Ng3 g5 18. Rff1 Nc5 19. Nb5 Qd7 20. Nd4 Rae8 21. Qh5 f4
22. Nge2 Nf5 23. Nxf5 Qxf5 24. Bc3 Rxe3 25. Bxg7 Kxg7 26. Nd4 Qg6 27. Qxg6+
Kxg6 28. Nb5 Rf7 29. Nc3 Rfe7 30. h3 Kf5 31. Rbd1 h5 32. Rd2 Ne4 33. Nxe4 R7xe4
34. Rc2 Re2 35. Rf2 Rxc2 36. Rxc2 Ke5 37. Kf2 b6 38. Kf3 Re3+ 39. Kf2 g4 40.
hxg4 hxg4 41. Rd2 Ke4 42. Kg1 Re1+ 43. Kf2 Rc1 0-1

[Event "European Senior Team Championship 2014"]
[Site "Sibenik"]
[Date "2014.04.01"]
[Round "1.3"]
[White "Roth, Peter"]
[Black "Hulak, Krunoslav"]
[Result "0-1"]
[WhiteElo "2176"]
[BlackElo "2475"]
[PlyCount "46"]
[EventDate "2014.04.01"]

1. e4 c5 2. Nf3 e6 3. d3 Nc6 4. g3 g6 5. Bg2 Bg7 6. O-O Nge7 7. c3 d5 8. Qe2 b6
9. h4 h6 10. e5 Ba6 11. Bf4 Qc7 12. Re1 g5 13. hxg5 Ng6 14. Qe3 hxg5 15. Nxg5
Bxe5 16. Bxd5 O-O-O 17. Bxe5 Ncxe5 18. Bg2 Rxd3 19. Qe4 Bb7 20. Qxb7+ Qxb7 21.
Bxb7+ Kxb7 22. f4 Rxg3+ 23. Kf2 Rxg5 0-1

[Event "European Senior Team Championship 2014"]
[Site "Sibenik"]
[Date "2014.04.01"]
[Round "1.3"]
[White "Rukavina, Josip"]
[Black "Dueckstein, Andreas"]
[Result "1-0"]
[WhiteElo "2405"]
[BlackElo "2188"]
[PlyCount "88"]
[EventDate "2014.04.01"]

1. c4 e5 2. Nc3 Nf6 3. g3 d5 4. cxd5 Nxd5 5. Bg2 Nb6 6. d3 Nc6 7. Bxc6+ bxc6 8.
Nf3 f6 9. O-O Bg4 10. Be3 Nd5 11. Qa4 Qd7 12. Rac1 Bd6 13. Ne4 Ne7 14. Rc4 Bxf3
15. exf3 O-O 16. Rfc1 Kh8 17. Kg2 f5 18. Nc5 Qe8 19. Na6 f4 20. Bc5 Qd7 21. Qd1
Rf6 22. g4 h5 23. h3 Rg6 24. Kf1 hxg4 25. hxg4 Rh6 26. Qe2 Re8 27. Qe4 Nd5 28.
Bxd6 Rxd6 29. Kg2 Rh6 30. Rh1 Rxh1 31. Kxh1 Re6 32. Kg2 Rh6 33. Qxe5 Qd8 34.
Re4 Qh4 35. Kf1 Qh1+ 36. Ke2 Rh3 37. Rxf4 Nxf4+ 38. Qxf4 Rh6 39. Qf8+ Kh7 40.
Qf5+ Kh8 41. g5 Rd6 42. Nxc7 Rd8 43. Ne6 Rg8 44. Nf8 Qc1 1-0

[Event "European Senior Team Championship 2014"]
[Site "Sibenik"]
[Date "2014.04.01"]
[Round "1.3"]
[White "Prochaska, Juergen"]
[Black "Rogulj, Branko"]
[Result "0-1"]
[WhiteElo "1987"]
[BlackElo "2421"]
[PlyCount "64"]
[EventDate "2014.04.01"]

1. e4 Nf6 2. Nc3 e6 3. d4 d5 4. Bg5 Bb4 5. e5 h6 6. Bd2 Bxc3 7. Bxc3 Ne4 8. Qg4
O-O 9. Bd3 Nxc3 10. bxc3 c5 11. dxc5 Nd7 12. Nf3 Qc7 13. O-O Nxe5 14. Nxe5 Qxe5
15. Qd4 Qc7 16. f4 Bd7 17. c4 dxc4 18. Qxc4 Rfc8 19. Rad1 Qxc5+ 20. Qxc5 Rxc5
21. Bh7+ Kxh7 22. Rxd7 Kg6 23. Rxb7 Rxc2 24. Rf2 Rc1+ 25. Rf1 Rc4 26. g3 Ra4
27. Rf2 Rd8 28. Kg2 Rd5 29. Rc2 a6 30. Kf3 Ra3+ 31. Rb3 Rxb3+ 32. axb3 Rd3+ 0-1

[Event "European Senior Team Championship 2014"]
[Site "Sibenik"]
[Date "2014.04.01"]
[Round "1.3"]
[White "Sale, Srdjan"]
[Black "Titz, Herbert"]
[Result "1-0"]
[WhiteElo "2402"]
[BlackElo "1995"]
[PlyCount "119"]
[EventDate "2014.04.01"]

1. c4 Nf6 2. Nf3 g6 3. Nc3 Bg7 4. d4 c5 5. d5 d6 6. g3 O-O 7. Bg2 Nbd7 8. O-O
Rb8 9. Bf4 a6 10. a4 Nh5 11. Bg5 Ne5 12. Nxe5 Bxe5 13. Qc2 Bd7 14. a5 Re8 15.
Rfb1 b5 16. axb6 Qxb6 17. Bd2 Rb7 18. Nd1 Ra8 19. Ba5 Qb3 20. Qc1 Rba7 21. Ra3
Qb7 22. Ne3 Ng7 23. Be4 f5 24. Bc2 f4 25. Ng2 fxg3 26. hxg3 Qc8 27. Bc3 Bxc3
28. Rxc3 a5 29. Qg5 Be8 30. Nf4 Bf7 31. Re3 Qd8 32. Qh6 Qf8 33. Qh4 Re8 34. Kg2
e5 35. Rh1 Nh5 36. Nxh5 gxh5 37. Rf3 Qe7 38. Rf6 Kh8 39. Bxh7 Rf8 40. Be4 Be8
41. Rh6+ Kg8 42. Qxe7 Rxe7 43. Rxd6 Rb7 44. Rb1 Ba4 45. Rg6+ Kf7 46. Rg5 Rfb8
47. Ra1 Bb3 48. d6 Rd7 49. Bd5+ Kf6 50. Rxh5 Rxd6 51. Rh6+ Ke7 52. Rh7+ Kf6 53.
Rh6+ Ke7 54. Rxd6 Kxd6 55. Rxa5 Bd1 56. Ra6+ Kd7 57. e3 Rxb2 58. Re6 Be2 59.
Rxe5 Rc2 60. Re4 1-0

[Event "European Senior Team Championship 2014"]
[Site "Sibenik"]
[Date "2014.04.01"]
[Round "1.4"]
[White "Kurajica, Bojan"]
[Black "Wademark, Helge"]
[Result "1-0"]
[WhiteElo "2506"]
[BlackElo "2124"]
[PlyCount "85"]
[EventDate "2014.04.01"]

1. Nf3 d5 2. e3 Nf6 3. c4 c6 4. Nc3 e6 5. Qc2 Be7 6. d4 Nbd7 7. Bd2 b6 8. cxd5
exd5 9. g4 Bb7 10. g5 Nh5 11. Bh3 g6 12. Rg1 Ng7 13. e4 Ne6 14. Be3 Rc8 15. Qb3
dxe4 16. Nxe4 Ndf8 17. Ne5 Qc7 18. Rc1 Rd8 19. Rg3 Rd5 20. f4 h6 21. Nc3 Ra5
22. Bxe6 fxe6 23. Rh3 h5 24. a3 Rh7 25. Qc2 Rg7 26. Ne4 Bd6 27. Nxc6 Rf5 28.
Nf6+ Rxf6 29. gxf6 Rf7 30. Ne5 Qxc2 31. Rxc2 Rxf6 32. Rg3 a6 33. Bd2 Kd8 34.
Rb3 b5 35. Ba5+ Ke7 36. Bb4 Bxb4+ 37. Rxb4 Bd5 38. Rc7+ Kd6 39. Ra7 Rxf4 40.
Rxa6+ Ke7 41. Ra7+ Kd6 42. a4 g5 43. axb5 1-0

[Event "European Senior Team Championship 2014"]
[Site "Sibenik"]
[Date "2014.04.01"]
[Round "1.4"]
[White "Hallerod, Ralph"]
[Black "Dizdarevic, Emir"]
[Result "0-1"]
[WhiteElo "2086"]
[BlackElo "2503"]
[PlyCount "78"]
[EventDate "2014.04.01"]

1. d4 d5 2. c4 e6 3. Nc3 dxc4 4. Nf3 a6 5. a4 Nc6 6. e3 Na5 7. Nd2 Bb4 8. Nxc4
c5 9. Ne5 cxd4 10. exd4 Ne7 11. Bd3 Nac6 12. Nxc6 bxc6 13. O-O Qxd4 14. Be3 Qd8
15. Qc2 h6 16. Ne4 O-O 17. Rad1 Qc7 18. Qc4 Nd5 19. Nf6+ Nxf6 20. Qxb4 Nd5 21.
Bh7+ Kxh7 22. Qxf8 e5 23. Qc5 Qb7 24. Qc2+ Kg8 25. Bc5 Bd7 26. Rd2 Re8 27. b4
Be6 28. Rb1 f6 29. Rb2 Bf7 30. Rd1 g5 31. Rc1 Rd8 32. g3 Kg7 33. Qe2 Qa8 34.
Kg2 h5 35. Be3 c5 36. Kg1 cxb4 37. a5 Nc3 38. Qe1 Qf3 39. Rd2 Rxd2 0-1

[Event "European Senior Team Championship 2014"]
[Site "Sibenik"]
[Date "2014.04.01"]
[Round "1.4"]
[White "Vukic, Milan"]
[Black "Carlsson, Ingvar"]
[Result "1-0"]
[WhiteElo "2386"]
[BlackElo "2064"]
[PlyCount "113"]
[EventDate "2014.04.01"]

1. Nf3 f5 2. g3 Nf6 3. Bg2 g6 4. O-O Bg7 5. c4 O-O 6. d4 d6 7. Nc3 c6 8. d5
cxd5 9. cxd5 Bd7 10. Be3 Na6 11. Bd4 Ng4 12. Bxg7 Kxg7 13. Qd4+ Kg8 14. Rac1
Qb6 15. Qxb6 axb6 16. Nd4 Rfc8 17. Rfd1 Nf6 18. e3 Kf7 19. a3 Nc5 20. Rd2 Na4
21. Rdc2 Rc5 22. b4 Rxc3 23. Rxc3 Nxc3 24. Rxc3 Rc8 25. Rxc8 Bxc8 26. h3 Bd7
27. f4 Ne8 28. Kf2 Nc7 29. Ke2 Ba4 30. g4 Kf6 31. g5+ Kf7 32. Kd3 Nb5 33. Nxb5
Bxb5+ 34. Kd4 Kg7 35. e4 fxe4 36. Bxe4 h6 37. h4 hxg5 38. hxg5 Bd7 39. Bd3 b5
40. Ke3 Kf7 41. Kf3 Kg7 42. Kg3 Kf7 43. Be2 Kg7 44. Bg4 Bf5 45. Be2 Bd7 46. Kh4
Kh7 47. Bg4 Be8 48. Be6 Kg7 49. Kg4 Kh7 50. Bc8 b6 51. Kf3 Kg7 52. Ke4 Kf8 53.
Bb7 Bd7 54. Bc6 Bh3 55. Bxb5 e6 56. dxe6 Bxe6 57. a4 1-0

[Event "European Senior Team Championship 2014"]
[Site "Sibenik"]
[Date "2014.04.01"]
[Round "1.4"]
[White "Gromark, Per-Olof"]
[Black "Osmanovic, Kemal"]
[Result "1/2-1/2"]
[WhiteElo "2046"]
[BlackElo "2292"]
[PlyCount "32"]
[EventDate "2014.04.01"]

1. Nf3 c5 2. b3 d5 3. e3 a6 4. g3 Nc6 5. Bg2 e5 6. O-O Be6 7. Bb2 f6 8. d4 e4
9. Nfd2 f5 10. dxc5 Nf6 11. Nc3 Bxc5 12. Ne2 O-O 13. a3 Ng4 14. b4 Ba7 15. Nb3
Rc8 16. Rc1 Nge5 1/2-1/2

[Event "European Senior Team Championship 2014"]
[Site "Sibenik"]
[Date "2014.04.01"]
[Round "1.6"]
[White "Vasiukov, Evgeni"]
[Black "Jones, Iolo C"]
[Result "1-0"]
[WhiteElo "2451"]
[BlackElo "2185"]
[PlyCount "109"]
[EventDate "2014.04.01"]

1. c4 e5 2. Nc3 Nf6 3. g3 d5 4. cxd5 Nxd5 5. Bg2 Ne7 6. b4 Nf5 7. Nf3 Nd7 8.
Rb1 Be7 9. O-O O-O 10. d3 Nd4 11. Ne1 Nb6 12. e3 Ne6 13. f4 a5 14. b5 Bb4 15.
Bb2 Bxc3 16. Bxc3 exf4 17. gxf4 Nd5 18. Bd2 Nf6 19. f5 Nc5 20. Qc2 Ncd7 21. Rc1
Ne8 22. d4 Ndf6 23. a4 Nd6 24. Qxc7 Nfe4 25. Qxd8 Rxd8 26. Bxe4 Nxe4 27. Rc2 b6
28. Ng2 Bb7 29. Rfc1 Bd5 30. Be1 Nd6 31. Bg3 Be4 32. Rc3 f6 33. Nh4 Bd5 34.
Bxd6 Rxd6 35. Kf2 Rad8 36. Kg3 Re8 37. Rc8 Rdd8 38. Rxd8 Rxd8 39. Rc3 Re8 40.
Nf3 Kf8 41. Nd2 g6 42. fxg6 hxg6 43. h4 Kg7 44. Kf4 f5 45. Kg5 Re7 46. h5 Bf7
47. hxg6 Bxg6 48. Nf3 Bf7 49. Nh4 Kf8 50. Nxf5 Re6 51. Rc8+ Be8 52. d5 Rg6+ 53.
Kf4 Kf7 54. Rc7+ Kf8 55. d6 1-0

[Event "European Senior Team Championship 2014"]
[Site "Sibenik"]
[Date "2014.04.01"]
[Round "1.6"]
[White "Bennett, Patrick"]
[Black "Pushkov, Nikolai"]
[Result "0-1"]
[WhiteElo "2021"]
[BlackElo "2345"]
[PlyCount "72"]
[EventDate "2014.04.01"]

1. d4 Nf6 2. Nf3 e6 3. c4 b6 4. g3 Ba6 5. b3 Bb4+ 6. Bd2 Be7 7. Bg2 c6 8. Nc3
d5 9. Ne5 O-O 10. O-O dxc4 11. Be3 cxb3 12. axb3 Bb7 13. Qc2 Na6 14. Rxa6 Bxa6
15. Nxc6 Qd7 16. Nxe7+ Qxe7 17. Bxa8 Rxa8 18. Rc1 Qd7 19. f3 Bb7 20. Qa2 a5 21.
Qd2 h6 22. Qd3 Rc8 23. Bf4 Bd5 24. Nxd5 Rxc1+ 25. Bxc1 Nxd5 26. e4 Nb4 27. Qd2
b5 28. Ba3 Nc6 29. Bb2 a4 30. bxa4 bxa4 31. d5 exd5 32. Qxd5 Qb7 33. Qd2 a3 34.
Bxg7 Qa7+ 35. Kg2 Kxg7 36. Qc3+ Nd4 0-1

[Event "European Senior Team Championship 2014"]
[Site "Sibenik"]
[Date "2014.04.01"]
[Round "1.6"]
[White "Mishuchkov, Nikolai M"]
[Black "Van Kemenade, Rudy"]
[Result "1-0"]
[WhiteElo "2312"]
[BlackElo "2001"]
[PlyCount "109"]
[EventDate "2014.04.01"]

1. d4 Nf6 2. Nf3 g6 3. Bg5 Bg7 4. Nbd2 h6 5. Bh4 d6 6. e4 Nc6 7. c3 O-O 8. Be2
e5 9. dxe5 dxe5 10. O-O g5 11. Bg3 Nh5 12. Re1 Nf4 13. Bf1 Be6 14. Qc2 Qf6 15.
Nc4 Rad8 16. Ne3 Ne7 17. Rad1 c6 18. Rxd8 Rxd8 19. Rd1 Neg6 20. Rxd8+ Qxd8 21.
Nd2 Bf8 22. f3 Bc5 23. Bf2 Qb6 24. Ndc4 Bxc4 25. Nxc4 Bxf2+ 26. Qxf2 Qxf2+ 27.
Kxf2 b5 28. Ne3 h5 29. g3 Ne6 30. b4 Ne7 31. Bh3 Kf8 32. Bxe6 fxe6 33. Ng2 Ng6
34. Ke3 Ke7 35. Kd3 Kd6 36. c4 a6 37. Kc3 Kc7 38. Ne1 h4 39. Nd3 hxg3 40. hxg3
Kb6 41. a3 Ka7 42. Nc5 Nf8 43. a4 bxa4 44. Kb2 Kb6 45. Ka3 a5 46. Nxa4+ Ka6 47.
Nc5+ Kb6 48. Ka4 axb4 49. Kxb4 Kc7 50. Ka5 Kd6 51. Kb6 Ng6 52. Nd3 Kd7 53. c5
Nh4 54. gxh4 gxh4 55. Nxe5+ 1-0

[Event "European Senior Team Championship 2014"]
[Site "Sibenik"]
[Date "2014.04.01"]
[Round "1.6"]
[White "Thornton, John D"]
[Black "Kremenietsky, Anatoly M"]
[Result "0-1"]
[WhiteElo "2020"]
[BlackElo "2332"]
[PlyCount "54"]
[EventDate "2014.04.01"]

1. f4 c5 2. Nf3 g6 3. e3 Bg7 4. d4 Nf6 5. Bd3 O-O 6. O-O d6 7. c4 cxd4 8. exd4
Bg4 9. Qb3 Bxf3 10. Rxf3 Nc6 11. Rf1 Nxd4 12. Qxb7 Nd7 13. Qe4 Nc5 14. Qe3 e5
15. Nc3 exf4 16. Rxf4 Nde6 17. Qg3 Be5 18. Bc2 Rb8 19. Nd5 Nd7 20. Qh3 Nxf4 21.
Bxf4 Bxf4 22. Nxf4 Rxb2 23. Bb3 Nf6 24. c5 dxc5 25. Rf1 Qd4+ 26. Kh1 Qxf4 27.
Qd3 Rf2 0-1

[Event "European Senior Team Championship 2014"]
[Site "Sibenik"]
[Date "2014.04.01"]
[Round "1.7"]
[White "Kristiansen, Erling"]
[Black "Fauland, Alexander"]
[Result "0-1"]
[WhiteElo "2189"]
[BlackElo "2417"]
[PlyCount "48"]
[EventDate "2014.04.01"]

1. d4 Nf6 2. c4 e6 3. Nf3 c5 4. g3 cxd4 5. Nxd4 Nc6 6. Bg2 Qb6 7. Nc2 Be7 8.
O-O O-O 9. Nc3 d6 10. b4 Ne5 11. Be3 Qc7 12. c5 dxc5 13. Bf4 Bd7 14. b5 Rad8
15. Na3 Nh5 16. Bd2 Bc8 17. Qe1 f5 18. f4 c4 19. Nc2 Bc5+ 20. Kh1 Ng4 21. Bf3
Qf7 22. Kg2 Qg6 23. a4 e5 24. h3 Nxf4+ 0-1

[Event "European Senior Team Championship 2014"]
[Site "Sibenik"]
[Date "2014.04.01"]
[Round "1.7"]
[White "Wallner, Joachim"]
[Black "Dahl, Ivar M"]
[Result "0-1"]
[WhiteElo "2361"]
[BlackElo "2170"]
[PlyCount "148"]
[EventDate "2014.04.01"]

1. b3 c5 2. Bb2 Nc6 3. Nf3 Nf6 4. e3 e6 5. Be2 Be7 6. O-O O-O 7. c4 b6 8. d4
cxd4 9. Nxd4 Nxd4 10. Qxd4 Bb7 11. Nc3 Bc5 12. Qf4 Qb8 13. Qh4 Qe5 14. Na4 Qe4
15. Qh3 Qc2 16. Bd1 Qg6 17. Nxc5 bxc5 18. Rc1 Be4 19. f3 Bd3 20. Re1 Rac8 21.
e4 d5 22. Rc3 Bb1 23. Rc1 Bd3 24. Re3 dxc4 25. bxc4 Rfd8 26. Bb3 Nh5 27. Rd1
Nf4 28. Qg4 Qxg4 29. fxg4 Be2 30. Rxd8+ Rxd8 31. h3 Bd1 32. Be5 Bxb3 33. Rxb3
Ne2+ 34. Kf2 Nc1 35. Rb8 Rxb8 36. Bxb8 a6 37. Ke3 Nxa2 38. Bd6 Nb4 39. Bxc5 Nc6
40. Bd6 f6 41. Kf4 Kf7 42. g5 Kg6 43. gxf6 Kxf6 44. g4 g6 45. e5+ Kf7 46. Ba3
Na5 47. c5 Nc6 48. Bb2 h6 49. h4 Kg7 50. h5 g5+ 51. Ke4 Kf7 52. Bc3 Ke8 53. Kd3
Kd7 54. Kc4 Ne7 55. Ba5 Nd5 56. Bd2 Kc6 57. Bc1 a5 58. Bd2 a4 59. Bc1 a3 60.
Bxa3 Ne3+ 61. Kd3 Nxg4 62. Ke4 Nf2+ 63. Ke3 Nh3 64. Kf3 Nf4 65. Kg4 Nd3 66. Kg3
Nxe5 67. Bb2 Nf7 68. Bd4 Kd5 69. Bf2 Ne5 70. Be3 Ke4 71. c6 Nxc6 72. Bxg5 hxg5
73. Kg4 Ne7 74. h6 Ng8 0-1

[Event "European Senior Team Championship 2014"]
[Site "Sibenik"]
[Date "2014.04.01"]
[Round "1.7"]
[White "Mundal, Arnold"]
[Black "Thoma, Robert"]
[Result "0-1"]
[WhiteElo "1937"]
[BlackElo "2342"]
[PlyCount "52"]
[EventDate "2014.04.01"]

1. Nf3 c5 2. g3 Nc6 3. Bg2 g6 4. e4 Bg7 5. O-O d6 6. d3 Nf6 7. Nc3 O-O 8. Nh4
Rb8 9. f4 Nd4 10. Nf3 Bg4 11. Ne2 Qd7 12. c3 Nxe2+ 13. Qxe2 b5 14. d4 cxd4 15.
cxd4 d5 16. e5 Ne4 17. Qd3 Rfc8 18. Nd2 Nxd2 19. Bxd2 Bf5 20. Qb3 Rc4 21. Be3
Rbc8 22. Rfc1 Bc2 23. Qa3 Ra4 24. Rxc2 Rxa3 25. Rxc8+ Qxc8 26. bxa3 Qc3 0-1

[Event "European Senior Team Championship 2014"]
[Site "Sibenik"]
[Date "2014.04.01"]
[Round "1.7"]
[White "Danner, Georg"]
[Black "Lerstad, Bjorn"]
[Result "1-0"]
[WhiteElo "2336"]
[BlackElo "1914"]
[PlyCount "79"]
[EventDate "2014.04.01"]

1. d4 e6 2. Nf3 b6 3. g3 Bb7 4. Bg2 Nf6 5. O-O Be7 6. c4 O-O 7. Nc3 d5 8. Ne5
Nbd7 9. Qa4 c6 10. Rd1 Nxe5 11. dxe5 Nd7 12. cxd5 exd5 13. f4 Bc5+ 14. Kh1 Qc7
15. e4 d4 16. Ne2 Rfd8 17. Nxd4 Bxd4 18. Rxd4 Nc5 19. Rxd8+ Rxd8 20. Qc2 g6 21.
Be3 Ne6 22. Rd1 c5 23. Rxd8+ Qxd8 24. Kg1 Nd4 25. Qc4 Qd7 26. Kf2 a5 27. a3 Bc6
28. b4 axb4 29. axb4 Bb5 30. Qd5 Qg4 31. Qa2 Qd1 32. Qd2 Qa1 33. bxc5 bxc5 34.
g4 Qb1 35. f5 gxf5 36. exf5 Bd3 37. Bxd4 cxd4 38. Qg5+ Kf8 39. Qd8+ Kg7 40.
Qxd4 1-0

[Event "European Senior Team Championship 2014"]
[Site "Sibenik"]
[Date "2014.04.01"]
[Round "1.8"]
[White "Karlsson, Lars"]
[Black "Carlsten, Peter"]
[Result "1-0"]
[WhiteElo "2408"]
[BlackElo "2039"]
[PlyCount "67"]
[EventDate "2014.04.01"]

1. b3 b6 2. Bb2 Bb7 3. e3 e6 4. f4 Nf6 5. Nf3 Be7 6. a4 a6 7. Be2 O-O 8. O-O c5
9. Qe1 Nc6 10. Bd1 Nb4 11. d3 Nfd5 12. Qd2 Bf6 13. c3 Nc6 14. e4 Nc7 15. d4 d5
16. e5 Be7 17. Na3 Rc8 18. Nc2 g6 19. b4 cxd4 20. cxd4 Ne8 21. Rb1 Ng7 22. g4
Qd7 23. Be2 Rc7 24. Ba1 Qc8 25. Ne3 Qa8 26. Bd3 a5 27. f5 Bxb4 28. Rxb4 Nxb4
29. f6 Nxd3 30. Nf5 exf5 31. Qh6 Ne6 32. Ng5 Rfc8 33. Qxh7+ Kf8 34. Qh8# 1-0

[Event "European Senior Team Championship 2014"]
[Site "Sibenik"]
[Date "2014.04.01"]
[Round "1.8"]
[White "Sterner, Johan"]
[Black "Wahlbom, Magnus"]
[Result "1/2-1/2"]
[WhiteElo "2017"]
[BlackElo "2291"]
[PlyCount "41"]
[EventDate "2014.04.01"]

1. d4 Nf6 2. c4 e6 3. Nf3 b6 4. a3 Ba6 5. Qc2 d5 6. b3 Be7 7. Bg5 O-O 8. e3 c5
9. Nc3 Nc6 10. cxd5 Bxf1 11. Kxf1 Nxd5 12. Bxe7 Ncxe7 13. Nxd5 Nxd5 14. Qd3 Qf6
15. Ke2 Rfd8 16. Rhc1 Ne7 17. Qe4 Rac8 18. Ra2 cxd4 19. Rxc8 Nxc8 20. Nxd4 Nd6
21. Qf3 1/2-1/2

[Event "European Senior Team Championship 2014"]
[Site "Sibenik"]
[Date "2014.04.01"]
[Round "1.8"]
[White "Bergstrom, Rolf"]
[Black "Andersson, Sven-Olof"]
[Result "1-0"]
[WhiteElo "2285"]
[BlackElo "2012"]
[PlyCount "69"]
[EventDate "2014.04.01"]

1. e4 c5 2. Nf3 e6 3. c3 Nf6 4. e5 Nd5 5. d4 cxd4 6. cxd4 Bb4+ 7. Nbd2 O-O 8.
Bc4 Nb6 9. Bd3 f5 10. O-O Nd5 11. Bc4 Nb6 12. Bb3 d5 13. exd6 Bxd6 14. Re1 Qf6
15. Ne5 Bxe5 16. dxe5 Qg6 17. Nf3 Nc6 18. Be3 Rd8 19. Qe2 Nd5 20. Rad1 Nxe3 21.
Qxe3 h6 22. h3 Qe8 23. Rd6 Qe7 24. Red1 Rxd6 25. exd6 Qd7 26. Ba4 Qd8 27. d7
Bxd7 28. Bxc6 bxc6 29. Ne5 Qa5 30. Rxd7 Qxa2 31. Qg3 g5 32. Qc3 Qb1+ 33. Kh2
Qe4 34. Ng6 e5 35. Qb3+ 1-0

[Event "European Senior Team Championship 2014"]
[Site "Sibenik"]
[Date "2014.04.01"]
[Round "1.8"]
[White "Gustavsson, Sture"]
[Black "Hammar, Bengt"]
[Result "1/2-1/2"]
[WhiteElo "2005"]
[BlackElo "2232"]
[PlyCount "59"]
[EventDate "2014.04.01"]

1. d4 Nf6 2. Nf3 g6 3. Nc3 d5 4. Bf4 Bg7 5. e3 O-O 6. Be2 c5 7. Ne5 Nc6 8. O-O
cxd4 9. exd4 Bf5 10. Nxc6 bxc6 11. Na4 Nd7 12. g4 Be6 13. c3 f6 14. Ba6 Nb6 15.
Bb7 Nxa4 16. Qxa4 Bd7 17. Bxa8 Qxa8 18. Rfe1 Re8 19. h3 e5 20. dxe5 fxe5 21.
Bg3 e4 22. Rad1 Qb7 23. Qa3 h5 24. gxh5 gxh5 25. h4 Bg4 26. Rd2 Bh6 27. Rc2 Qf7
28. Qd6 Re6 29. Qb8+ Kh7 30. Qc7 1/2-1/2